Benefits and beyond : (Record no. 9138)
[ view plain ]
| 000 -LEADER | |
|---|---|
| fixed length control field | 00864cam a22002294a 4500 |
| 001 - CONTROL NUMBER | |
| control field | 15448900 |
| 005 - DATE AND TIME OF LATEST TRANSACTION | |
| control field | 20260325095535.0 |
| 008 - FIXED-LENGTH DATA ELEMENTS--GENERAL INFORMATION | |
| fixed length control field | 080912s2010 caua b 001 0 eng |
| 020 ## - INTERNATIONAL STANDARD BOOK NUMBER | |
| International Standard Book Number | 9781412950886 |
| Qualifying information | cloth |
| 020 ## - INTERNATIONAL STANDARD BOOK NUMBER | |
| International Standard Book Number | 9781412950893 |
| Qualifying information | pbk. |
| 050 00 - LIBRARY OF CONGRESS CALL NUMBER | |
| Classification number | HD4928.N62 |
| Item number | U6524 2010 |
| 082 00 - DEWEY DECIMAL CLASSIFICATION NUMBER | |
| Classification number | 658.3/25 |
| Edition information | 22 |
| 100 1# - MAIN ENTRY--PERSONAL NAME | |
| Personal name | Murphy, Thomas E. |
| 245 10 - TITLE STATEMENT | |
| Title | Benefits and beyond : |
| Remainder of title | a comprehensive and strategic approach to retirement, health care, and more / |
| Statement of responsibility, etc. | Thomas E. Murphy. |
| 260 ## - PUBLICATION, DISTRIBUTION, ETC. | |
| Place of publication, distribution, etc. | Thousand Oaks, Calif. : |
| Name of publisher, distributor, etc. | SAGE Publications, |
| Date of publication, distribution, etc. | c2010. |
| 300 ## - PHYSICAL DESCRIPTION | |
| Extent | xiv, 521 p. : |
| Other physical details | ill. ; |
| Dimensions | 26 cm. |
| 650 #0 - SUBJECT ADDED ENTRY--TOPICAL TERM | |
| Topical term or geographic name entry element | Employee fringe benefits |
| Geographic subdivision | United States. |
| 650 #0 - SUBJECT ADDED ENTRY--TOPICAL TERM | |
| Topical term or geographic name entry element | Postemployment benefits |
| Geographic subdivision | United States. |
| 650 #0 - SUBJECT ADDED ENTRY--TOPICAL TERM | |
| Topical term or geographic name entry element | Health planning |
| Geographic subdivision | United States. |
| 856 41 - ELECTRONIC LOCATION AND ACCESS | |
| Materials specified | Table of contents only |
| Uniform Resource Identifier | <a href="http://www.loc.gov/catdir/toc/ecip0828/2008037598.html">http://www.loc.gov/catdir/toc/ecip0828/2008037598.html</a> |
| 942 ## - ADDED ENTRY ELEMENTS (KOHA) | |
| Source of classification or shelving scheme | Library of Congress Classification |
| Koha item type | Books |
| Suppress in OPAC | No |
| 999 ## - | |
| -- | 9138 |
| -- | 9138 |
| Withdrawn status | Lost status | Source of classification or shelving scheme | Damaged status | Not for loan | Collection | Home library | Current library | Shelving location | Date acquired | Total checkouts | Full call number | Barcode | Date last seen | Copy number | Price effective from | Koha item type |
|---|---|---|---|---|---|---|---|---|---|---|---|---|---|---|---|---|
| Library of Congress Classification | Non-fiction | Business Library (Miotso) | Business Library (Miotso) | General stacks | 03/25/2026 | HD4928.N62U6524 2010 | BSSM00002959 | 03/25/2026 | 1 | 03/25/2026 | Books | |||||
| Library of Congress Classification | Non-fiction | Business Library (Miotso) | Business Library (Miotso) | General stacks | 03/25/2026 | HD4928.N62U6524 2010 | BSSM00002960 | 03/25/2026 | 2 | 03/25/2026 | Books | |||||
| Library of Congress Classification | Non-fiction | Business Library (Miotso) | Business Library (Miotso) | General stacks | 03/25/2026 | HD4928.N62U6524 2010 | BSSM00002961 | 03/25/2026 | 3 | 03/25/2026 | Books |